| 000 | 01101nam a22002657i 4500 | ||
|---|---|---|---|
| 999 |
_c22766 _d22766 |
||
| 003 | AR-CdUCM | ||
| 008 | 240119b20212021pe ||||| |||| 00| 0 spa d | ||
| 020 | _a978-612-00-6760-4 | ||
| 040 |
_aMUNICIPALIDAD PROVINCIAL DEL CUSCO _cBIBLIOTECA MUNICIPAL DEL CUSCO |
||
| 082 |
_a306.43 / C31 _bC31 |
||
| 100 |
_aCari Mamani, Hernán Martin _944278 |
||
| 245 | _aSociología de la Educación / | ||
| 260 |
_aSicuani-Cusco : _c2021 |
||
| 300 |
_a232 páginas. : _c20 cm. |
||
| 500 | _zBibliografía: páginas 227-232 | ||
| 505 | _aFundamentos de la Sociología de la Educación -- Comunidad y Sociedad -- Régimen del neoliberalismo -- Educación como fenómeno social -- Enfoque sociológico de la educación -- Teoría de la reproducción -- Teoría de la resistencia. | ||
| 650 |
_aBases teóricas _91546 |
||
| 650 |
_a Objeto de la sociología _949337 |
||
| 650 |
_aRégimen de la esclavitud _949338 |
||
| 650 |
_aEl régimen feudal _949339 |
||
| 650 |
_aRégimen capitalista _949340 |
||
| 650 |
_aEducación como fenómeno social _949341 |
||
| 942 |
_2ddc _cLIBROS |
||
| 945 |
_apbj _d19-01-2024 |
||